Normal view
MARC view
- الفنون-الابتكارات-الفن الإسلامي - تاريخ-الفن - عصر النهضة، 1450-1600
Entry Topical Term
001 - CONTROL NUMBER
- control field: 16463
003 - CONTROL NUMBER IDENTIFIER
- control field: JO-AjAnu
005 - DATE AND TIME OF LATEST TRANSACTION
- control field: 20230606072927.0
008 - FIXED-LENGTH DATA ELEMENTS
- fixed length control field: 230606|| aca||aabn | a|a d
040 ## - CATALOGING SOURCE
- Original cataloging agency: JO-AjAnu
- Transcribing agency: JO-AjAnu
150 ## - HEADING--TOPICAL TERM
- Topical term or geographic name entry element: الفنون-الابتكارات-الفن الإسلامي - تاريخ-الفن - عصر النهضة، 1450-1600
670 ## - SOURCE DATA FOUND
- Source citation: Work cat.: (JO-AjAnu)8455: جودي، محمد حسين تأليف , author 16462, ابتكارات العرب في الفنون وأثرها في الفن الأوروبي في القرون الوسطى